000 00753nam a2200217Ia 4500
003 OSt
005 20250218095826.0
007 ca aa aaaaa
008 201103s9999 xx 000 0 und d
040 _cSSBUL
041 _abur
082 _a၂၉၄.၃၄၃၇
_223
_bမာ
100 _a မာဂဓီ၊ သာစည်
245 0 _aဂုဏ်တော်ရှုပွားအကျိုးများ /
_cမာဂဓီ သာစည် ။
260 _aရန်ကုန် ၊
_bသာသနာဦးစီးဌာန ၊
_c၁၉၈၆ ။
300 _aဃ၊ ၈၇ စာမျက်နှာ ၊
_c၂၀ စင်တီ ။
500 _aS-SAT: Dr. Sai Aung Tun
942 _cBK
_2ddc
942 _2ddc
942 _2ddc
999 _c20148
_d20148